UCI (cycling) World Tour Countries - Statistics

General Stats
  • This quiz has been taken 151 times
  • The average score is 13 of 16
Answer Stats
# Country % Correct
5 France
100%
5 Italy
99%
4 Spain
99%
8 Belgium
96%
2 Netherlands
92%
1 United States of America
91%
1 United Kingdom
90%
2 Germany
89%
2 Australia
86%
2 Switzerland
83%
2 Canada
76%
1 Poland
73%
1 China
65%
1 United Arab Emirates
59%
1 Luxembourg
55%
1 Turkey
45%
No matching quizzes found
Score Distribution
Percent of People with Each Score
Percentile by Number Answered
Your Score History
You have not taken this quiz